[Event "Deutsche Ländermeisterschaft 2023"]
[Site "Hannover GER"]
[Date "2023.10.03"]
[Round "5"]
[White "Keymer, Cecilia"]
[Black "Voigt, Anastasia"]
[Result "1-0"]
[Termination "normal"]
[Board "5.6"]
[WhiteElo "1779"]
[BlackElo "1925"]
[WhiteClock "00:06:11"]
[BlackClock "00:38:45"]
[WhiteTeam "Rheinland-Pfalz"]
[BlackTeam "Sachsen-Anhalt"]
[PlyCount "97"]
[WhiteFideId "16233468"]
[BlackFideId "16235223"]
[EventCountry "GER"]
[EventRounds "7"]
[EventType "team-swiss"]
[EventDate "2023.09.30"]

1. d4 {[%clk 01:30:57]} {[%emt 00:00:02]} d5 {[%clk 01:30:56]} {[%emt
00:00:04]} 2. c4 {[%clk 01:31:24]} {[%emt 00:00:04]} e6 {[%clk 01:31:23]}
{[%emt 00:00:03]} 3. Nc3 {[%clk 01:31:50]} {[%emt 00:00:05]} Nf6 {[%clk
01:31:47]} {[%emt 00:00:05]} 4. cxd5 {[%clk 01:32:14]} {[%emt 00:00:06]} exd5
{[%clk 01:32:13]} {[%emt 00:00:05]} 5. Bg5 {[%clk 01:32:39]} {[%emt 00:00:05]}
Be7 {[%clk 01:32:38]} {[%emt 00:00:05]} 6. e3 {[%clk 01:32:45]} {[%emt
00:00:24]} c6 {[%clk 01:33:04]} {[%emt 00:00:04]} 7. Bd3 {[%clk 01:32:40]}
{[%emt 00:00:35]} O-O {[%clk 01:33:28]} {[%emt 00:00:06]} 8. Qc2 {[%clk
01:32:15]} {[%emt 00:00:55]} Nbd7 {[%clk 01:33:51]} {[%emt 00:00:06]} 9. Nf3
{[%clk 01:32:23]} {[%emt 00:00:23]} Re8 {[%clk 01:34:06]} {[%emt 00:00:15]} 10.
h3 {[%clk 01:32:19]} {[%emt 00:00:34]} Nf8 {[%clk 01:33:42]} {[%emt 00:00:53]}
11. O-O {[%clk 01:32:17]} {[%emt 00:00:32]} Ne4 {[%clk 01:33:41]} {[%emt
00:00:31]} 12. Bf4 {[%clk 01:31:38]} {[%emt 00:01:10]} f5 {[%clk 01:33:58]}
{[%emt 00:00:12]} 13. Ne5 {[%clk 01:29:06]} {[%emt 00:03:02]} Ng6 {[%clk
01:34:19]} {[%emt 00:00:08]} 14. Nxg6 {[%clk 01:27:13]} {[%emt 00:02:24]} hxg6
{[%clk 01:34:42]} {[%emt 00:00:07]} 15. f3 {[%clk 01:22:33]} {[%emt 00:05:10]}
Nxc3 {[%clk 01:34:12]} {[%emt 00:01:00]} 16. bxc3 {[%clk 01:21:29]} {[%emt
00:01:34]} Bg5 {[%clk 01:34:01]} {[%emt 00:00:40]} 17. Rfe1 {[%clk 01:16:42]}
{[%emt 00:05:18]} Be6 {[%clk 01:25:13]} {[%emt 00:09:17]} 18. Be5 {[%clk
01:13:37]} {[%emt 00:03:37]} Bf6 {[%clk 01:23:53]} {[%emt 00:01:48]} 19. f4
{[%clk 01:11:38]} {[%emt 00:02:31]} Be7 {[%clk 01:19:15]} {[%emt 00:05:06]} 20.
Rab1 {[%clk 01:07:35]} {[%emt 00:04:35]} b5 {[%clk 01:16:49]} {[%emt 00:02:55]}
21. a4 {[%clk 01:05:01]} {[%emt 00:03:05]} a6 {[%clk 01:16:44]} {[%emt
00:00:34]} 22. Rb2 {[%clk 01:01:36]} {[%emt 00:03:55]} Kf7 {[%clk 01:05:26]}
{[%emt 00:11:47]} 23. Rf1 {[%clk 00:52:24]} {[%emt 00:09:44]} Rh8 {[%clk
01:04:14]} {[%emt 00:01:40]} 24. Rf3 {[%clk 00:48:19]} {[%emt 00:04:37]} Rh6
{[%clk 01:02:58]} {[%emt 00:01:44]} 25. Ra2 {[%clk 00:43:15]} {[%emt 00:05:36]}
Qc8 {[%clk 01:01:31]} {[%emt 00:01:55]} 26. Qb1 {[%clk 00:39:18]} {[%emt
00:04:29]} Qb7 {[%clk 00:59:12]} {[%emt 00:02:47]} 27. Rb2 {[%clk 00:35:26]}
{[%emt 00:04:24]} Ra7 {[%clk 00:54:35]} {[%emt 00:05:07]} 28. Bc2 {[%clk
00:28:47]} {[%emt 00:07:10]} Qa8 {[%clk 00:53:36]} {[%emt 00:01:25]} 29. Kh2
{[%clk 00:22:50]} {[%emt 00:06:30]} Qh8 {[%clk 00:51:18]} {[%emt 00:02:47]} 30.
Ra2 {[%clk 00:19:49]} {[%emt 00:03:33]} Qa8 {[%clk 00:50:16]} {[%emt 00:01:30]}
31. Bd3 {[%clk 00:17:30]} {[%emt 00:02:51]} Bc8 {[%clk 00:46:45]} {[%emt
00:03:57]} 32. Rb2 {[%clk 00:14:25]} {[%emt 00:03:39]} Rb7 {[%clk 00:45:49]}
{[%emt 00:01:23]} 33. Bc2 {[%clk 00:12:35]} {[%emt 00:02:23]} Ba3 {[%clk
00:41:38]} {[%emt 00:04:39]} 34. Rb3 {[%clk 00:11:12]} {[%emt 00:01:55]} bxa4
{[%clk 00:28:09]} {[%emt 00:14:00]} 35. Rxb7+ {[%clk 00:10:06]} {[%emt
00:01:36]} Qxb7 {[%clk 00:22:03]} {[%emt 00:06:35]} 36. Qxb7+ {[%clk 00:09:05]}
{[%emt 00:01:32]} Bxb7 {[%clk 00:22:28]} {[%emt 00:00:05]} 37. Bxa4 {[%clk
00:07:19]} {[%emt 00:02:15]} Rh8 {[%clk 00:20:31]} {[%emt 00:02:24]} 38. Rf1
{[%clk 00:05:13]} {[%emt 00:02:38]} Rd8 {[%clk 00:19:43]} {[%emt 00:01:17]} 39.
Rb1 {[%clk 00:03:49]} {[%emt 00:01:56]} Rd7 {[%clk 00:19:32]} {[%emt 00:00:40]}
40. Rb6 {[%clk 00:01:30]} {[%emt 00:02:50]} Bc1 {[%clk 00:16:47]} {[%emt
00:03:13]} 41. Bxc6 {[%clk 00:29:29]} {[%emt 00:02:32]} Bxc6 {[%clk 00:47:06]}
{[%emt 00:00:12]} 42. Rxc6 {[%clk 00:29:54]} {[%emt 00:00:05]} Ra7 {[%clk
00:46:09]} {[%emt 00:01:20]} 43. c4 {[%clk 00:23:26]} {[%emt 00:07:04]} dxc4
{[%clk 00:42:55]} {[%emt 00:03:44]} 44. d5 {[%clk 00:20:44]} {[%emt 00:03:12]}
Bxe3 {[%clk 00:42:55]} {[%emt 00:00:30]} 45. Rxc4 {[%clk 00:17:24]} {[%emt
00:03:51]} a5 {[%clk 00:42:02]} {[%emt 00:01:21]} 46. Ra4 {[%clk 00:10:34]}
{[%emt 00:07:20]} Bd2 {[%clk 00:40:48]} {[%emt 00:01:45]} 47. Kg3 {[%clk
00:09:41]} {[%emt 00:01:23]} Rd7 {[%clk 00:39:58]} {[%emt 00:01:20]} 48. Rd4
{[%clk 00:08:26]} {[%emt 00:01:46]} g5 {[%clk 00:38:45]} {[%emt 00:01:42]} 49.
Rxd2 {[%clk 00:06:11]} {[%emt 00:02:46]} 1-0

[Event "Deutsche Ländermeisterschaft 2023"]
[Site "Hannover GER"]
[Date "2023.10.03"]
[Round "5"]
[White "Shevchenko, Igor"]
[Black "Vranckx, Oscar"]
[Result "1/2-1/2"]
[Termination "normal"]
[Board "5.7"]
[WhiteElo "1521"]
[BlackElo "1663"]
[WhiteClock "00:02:40"]
[BlackClock "00:55:31"]
[WhiteTeam "Sachsen-Anhalt"]
[BlackTeam "Rheinland-Pfalz"]
[PlyCount "194"]
[WhiteFideId "34634924"]
[BlackFideId "34608788"]
[EventCountry "GER"]
[EventRounds "7"]
[EventType "team-swiss"]
[EventDate "2023.09.30"]

1. d4 {[%clk 01:30:53]} {[%emt 00:00:06]} Nf6 {[%clk 01:30:58]} {[%emt
00:00:03]} 2. c4 {[%clk 01:31:16]} {[%emt 00:00:07]} c5 {[%clk 01:31:26]}
{[%emt 00:00:03]} 3. Nf3 {[%clk 01:31:38]} {[%emt 00:00:07]} cxd4 {[%clk
01:31:52]} {[%emt 00:00:04]} 4. Nxd4 {[%clk 01:31:46]} {[%emt 00:00:23]} e5
{[%clk 01:32:16]} {[%emt 00:00:06]} 5. Nf3 {[%clk 01:30:14]} {[%emt 00:02:02]}
e4 {[%clk 01:32:16]} {[%emt 00:00:30]} 6. Nd4 {[%clk 01:30:00]} {[%emt
00:00:43]} Nc6 {[%clk 01:32:39]} {[%emt 00:00:07]} 7. Nc3 {[%clk 01:28:10]}
{[%emt 00:02:21]} Bc5 {[%clk 01:32:53]} {[%emt 00:00:15]} 8. Nb3 {[%clk
01:26:42]} {[%emt 00:01:58]} Be7 {[%clk 01:32:47]} {[%emt 00:00:35]} 9. Bf4
{[%clk 01:26:26]} {[%emt 00:00:47]} O-O {[%clk 01:32:45]} {[%emt 00:00:32]} 10.
e3 {[%clk 01:25:51]} {[%emt 00:01:05]} a6 {[%clk 01:29:39]} {[%emt 00:03:36]}
11. Be2 {[%clk 01:24:53]} {[%emt 00:01:29]} d6 {[%clk 01:29:57]} {[%emt
00:00:12]} 12. O-O {[%clk 01:24:20]} {[%emt 00:01:02]} Bf5 {[%clk 01:29:13]}
{[%emt 00:01:15]} 13. Nd4 {[%clk 01:18:30]} {[%emt 00:06:20]} Bg6 {[%clk
01:29:08]} {[%emt 00:00:36]} 14. a3 {[%clk 01:15:41]} {[%emt 00:03:19]} Rc8
{[%clk 01:28:11]} {[%emt 00:01:27]} 15. Rc1 {[%clk 01:02:32]} {[%emt 00:13:39]}
Ne8 {[%clk 01:24:58]} {[%emt 00:03:43]} 16. Nd5 {[%clk 00:59:11]} {[%emt
00:03:50]} Ne5 {[%clk 01:23:27]} {[%emt 00:02:02]} 17. Rc3 {[%clk 00:56:02]}
{[%emt 00:03:38]} Nc7 {[%clk 01:23:47]} {[%emt 00:00:12]} 18. Nxe7+ {[%clk
00:42:42]} {[%emt 00:13:50]} Qxe7 {[%clk 01:24:10]} {[%emt 00:00:07]} 19. Qc2
{[%clk 00:40:51]} {[%emt 00:02:20]} Nd3 {[%clk 01:21:44]} {[%emt 00:02:57]} 20.
Bg3 {[%clk 00:39:02]} {[%emt 00:02:20]} Ne6 {[%clk 01:21:56]} {[%emt 00:00:16]}
21. Nxe6 {[%clk 00:38:48]} {[%emt 00:00:45]} fxe6 {[%clk 01:20:55]} {[%emt
00:01:32]} 22. Rd1 {[%clk 00:37:15]} {[%emt 00:01:56]} Rcd8 {[%clk 01:18:32]}
{[%emt 00:03:00]} 23. b4 {[%clk 00:31:23]} {[%emt 00:06:21]} Rd7 {[%clk
01:15:04]} {[%emt 00:03:58]} 24. Qd2 {[%clk 00:21:53]} {[%emt 00:10:00]} d5
{[%clk 01:14:34]} {[%emt 00:01:01]} 25. cxd5 {[%clk 00:21:38]} {[%emt
00:00:45]} Rxd5 {[%clk 01:14:22]} {[%emt 00:00:42]} 26. Qc2 {[%clk 00:21:32]}
{[%emt 00:00:36]} Qg5 {[%clk 01:11:31]} {[%emt 00:03:20]} 27. Rc4 {[%clk
00:14:08]} {[%emt 00:07:55]} Qf6 {[%clk 01:09:28]} {[%emt 00:02:33]} 28. Rf1
{[%clk 00:09:32]} {[%emt 00:05:06]} h5 {[%clk 01:06:41]} {[%emt 00:03:17]} 29.
h4 {[%clk 00:09:37]} {[%emt 00:00:25]} Qf5 {[%clk 01:06:24]} {[%emt 00:00:47]}
30. Rc7 {[%clk 00:09:05]} {[%emt 00:00:55]} b5 {[%clk 01:04:21]} {[%emt
00:02:38]} 31. Qc3 {[%clk 00:07:24]} {[%emt 00:02:11]} Bf7 {[%clk 01:02:51]}
{[%emt 00:02:02]} 32. Bd1 {[%clk 00:06:07]} {[%emt 00:01:47]} Qg6 {[%clk
01:02:18]} {[%emt 00:01:02]} 33. Bb3 {[%clk 00:05:59]} {[%emt 00:00:38]} Rf5
{[%clk 01:02:44]} {[%emt 00:00:05]} 34. Qd4 {[%clk 00:04:50]} {[%emt 00:01:37]}
Rf6 {[%clk 01:01:54]} {[%emt 00:01:22]} 35. Be5 {[%clk 00:03:44]} {[%emt
00:01:34]} Rf5 {[%clk 01:00:53]} {[%emt 00:01:33]} 36. Bg3 {[%clk 00:03:50]}
{[%emt 00:00:24]} e5 {[%clk 00:47:24]} {[%emt 00:13:59]} 37. Bxf7+ {[%clk
00:03:34]} {[%emt 00:00:46]} R5xf7 {[%clk 00:47:46]} {[%emt 00:00:08]} 38. Bxe5
{[%clk 00:03:04]} {[%emt 00:01:00]} Rxc7 {[%clk 00:46:03]} {[%emt 00:02:12]}
39. Bxc7 {[%clk 00:03:26]} {[%emt 00:00:09]} Qg4 {[%clk 00:45:50]} {[%emt
00:00:43]} 40. Bg3 {[%clk 00:03:45]} {[%emt 00:00:12]} Qe6 {[%clk 00:44:42]}
{[%emt 00:01:37]} 41. f3 {[%clk 00:17:43]} {[%emt 00:16:32]} Qc4 {[%clk
01:14:29]} {[%emt 00:00:42]} 42. Qxe4 {[%clk 00:17:03]} {[%emt 00:01:09]} Qxe4
{[%clk 01:13:00]} {[%emt 00:02:00]} 43. fxe4 {[%emt 00:00:05]} Rxf1+ {[%clk
01:13:26]} {[%emt 00:00:04]} 44. Kxf1 {[%clk 00:17:51]} {[%emt 00:00:07]} Nb2
{[%clk 01:13:50]} {[%emt 00:00:06]} 45. Ke2 {[%clk 00:17:42]} {[%emt 00:00:40]}
Kf7 {[%clk 01:14:08]} {[%emt 00:00:11]} 46. Be5 {[%clk 00:17:13]} {[%emt
00:00:59]} Nc4 {[%clk 01:14:30]} {[%emt 00:00:09]} 47. Bd4 {[%clk 00:17:15]}
{[%emt 00:00:29]} Nxa3 {[%clk 01:14:43]} {[%emt 00:00:17]} 48. Kd3 {[%clk
00:17:33]} {[%emt 00:00:12]} Nc4 {[%clk 01:14:55]} {[%emt 00:00:17]} 49. e5
{[%clk 00:15:01]} {[%emt 00:03:03]} Ke6 {[%clk 01:14:43]} {[%emt 00:00:41]} 50.
Ke4 {[%clk 00:14:56]} {[%emt 00:00:36]} a5 {[%clk 01:13:09]} {[%emt 00:02:03]}
51. bxa5 {[%clk 00:14:53]} {[%emt 00:00:33]} Nxa5 {[%clk 01:13:32]} {[%emt
00:00:07]} 52. Bc3 {[%clk 00:15:01]} {[%emt 00:00:22]} Nb3 {[%clk 01:12:27]}
{[%emt 00:01:34]} 53. Kf4 {[%clk 00:15:02]} {[%emt 00:00:29]} Nc5 {[%clk
01:12:48]} {[%emt 00:00:06]} 54. g4 {[%clk 00:10:50]} {[%emt 00:04:45]} Nd3+
{[%clk 01:12:40]} {[%emt 00:00:38]} 55. Kg5 {[%clk 00:11:08]} {[%emt 00:00:12]}
hxg4 {[%clk 01:12:14]} {[%emt 00:00:56]} 56. Kxg4 {[%clk 00:11:26]} {[%emt
00:00:12]} Nxe5+ {[%clk 01:11:51]} {[%emt 00:00:52]} 57. Kg5 {[%clk 00:11:40]}
{[%emt 00:00:16]} Nf3+ {[%clk 01:11:03]} {[%emt 00:01:18]} 58. Kg4 {[%clk
00:09:18]} {[%emt 00:02:51]} Ne5+ {[%clk 01:11:05]} {[%emt 00:00:30]} 59. Kg5
{[%clk 00:09:40]} {[%emt 00:00:08]} g6 {[%clk 01:10:43]} {[%emt 00:00:51]} 60.
Kf4 {[%clk 00:08:18]} {[%emt 00:01:50]} Nf7 {[%clk 01:08:53]} {[%emt 00:02:21]}
61. Ke4 {[%clk 00:07:14]} {[%emt 00:01:32]} Nd6+ {[%clk 01:09:15]} {[%emt
00:00:09]} 62. Kf4 {[%clk 00:07:35]} {[%emt 00:00:10]} Nf5 {[%clk 01:09:22]}
{[%emt 00:00:23]} 63. Kg5 {[%clk 00:06:41]} {[%emt 00:01:24]} Kf7 {[%clk
01:09:45]} {[%emt 00:00:08]} 64. h5 {[%clk 00:06:27]} {[%emt 00:00:41]} Nd6
{[%clk 01:07:57]} {[%emt 00:02:20]} 65. hxg6+ {[%clk 00:06:02]} {[%emt
00:00:56]} Kg8 {[%clk 01:07:21]} {[%emt 00:01:05]} 66. Bb4 {[%clk 00:04:38]}
{[%emt 00:01:51]} Nc4 {[%clk 01:06:42]} {[%emt 00:01:12]} 67. e4 {[%clk
00:04:52]} {[%emt 00:00:16]} Kg7 {[%clk 01:07:08]} {[%emt 00:00:04]} 68. Bc3+
{[%clk 00:04:56]} {[%emt 00:00:26]} Kg8 {[%clk 01:07:33]} {[%emt 00:00:05]} 69.
e5 {[%clk 00:05:06]} {[%emt 00:00:20]} b4 {[%clk 01:07:50]} {[%emt 00:00:12]}
70. Ba1 {[%clk 00:04:24]} {[%emt 00:01:11]} Ne3 {[%clk 01:05:20]} {[%emt
00:03:02]} 71. e6 {[%clk 00:04:19]} {[%emt 00:00:35]} Nd5 {[%clk 01:05:43]}
{[%emt 00:00:06]} 72. Kf5 {[%clk 00:04:08]} {[%emt 00:00:30]} Ne7+ {[%clk
01:04:41]} {[%emt 00:01:44]} 73. Kg5 {[%clk 00:04:08]} {[%emt 00:00:30]} Nd5
{[%clk 01:04:35]} {[%emt 00:00:35]} 74. g7 {[%clk 00:04:24]} {[%emt 00:00:15]}
b3 {[%clk 01:04:02]} {[%emt 00:01:03]} 75. Bf6 {[%clk 00:03:06]} {[%emt
00:01:48]} Kh7 {[%clk 01:03:33]} {[%emt 00:00:59]} 76. Bb2 {[%clk 00:03:06]}
{[%emt 00:00:29]} Kg8 {[%clk 01:03:14]} {[%emt 00:00:49]} 77. Be5 {[%clk
00:02:03]} {[%emt 00:01:32]} Ne7 {[%clk 01:02:00]} {[%emt 00:01:43]} 78. Kf6
{[%clk 00:02:02]} {[%emt 00:00:31]} Nd5+ {[%clk 01:00:14]} {[%emt 00:02:17]}
79. Kg5 {[%clk 00:02:06]} {[%emt 00:00:27]} Kh7 {[%clk 00:58:23]} {[%emt
00:02:21]} 80. Kf5 {[%clk 00:01:45]} {[%emt 00:00:51]} Kg8 {[%clk 00:58:17]}
{[%emt 00:00:37]} 81. Bf6 {[%clk 00:01:38]} {[%emt 00:00:37]} Ne3+ {[%emt
00:01:27]} 82. Kg6 {[%clk 00:01:32]} {[%emt 00:00:34]} Nd5 {[%clk 00:57:24]}
{[%emt 00:00:27]} 83. Be5 {[%clk 00:01:49]} {[%emt 00:00:13]} Nf4+ {[%clk
00:57:03]} {[%emt 00:00:51]} 84. Kf5 {[%clk 00:01:57]} {[%emt 00:00:22]} Nd5
{[%clk 00:57:20]} {[%emt 00:00:13]} 85. Bb2 {[%clk 00:02:17]} {[%emt 00:00:10]}
Ne7+ {[%clk 00:56:29]} {[%emt 00:01:21]} 86. Kf6 {[%clk 00:02:36]} {[%emt
00:00:11]} Nd5+ {[%clk 00:56:46]} {[%emt 00:00:13]} 87. Ke5 {[%clk 00:02:47]}
{[%emt 00:00:19]} Ne7 {[%clk 00:55:58]} {[%emt 00:01:17]} 88. Ke4 {[%clk
00:03:05]} {[%emt 00:00:12]} Kh7 {[%clk 00:55:49]} {[%emt 00:00:39]} 89. Bf6
{[%clk 00:02:32]} {[%emt 00:01:03]} Kg8 {[%clk 00:55:14]} {[%emt 00:01:05]} 90.
Kd3 {[%clk 00:02:44]} {[%emt 00:00:19]} Nd5 {[%clk 00:55:27]} {[%emt 00:00:16]}
91. Be5 {[%clk 00:02:50]} {[%emt 00:00:23]} Kh7 {[%clk 00:54:58]} {[%emt
00:01:00]} 92. Kc4 {[%clk 00:02:41]} {[%emt 00:00:33]} Ne7 {[%clk 00:55:24]}
{[%emt 00:00:10]} 93. Kxb3 {[%clk 00:02:40]} {[%emt 00:00:32]} Nf5 {[%clk
00:55:31]} {[%emt 00:00:22]} 94. Kc4 {[%emt 00:00:17]} Nxg7 95. e7 Ne8 {[%emt
00:00:01]} 96. Kd5 Kg8 {[%emt 00:00:04]} 97. Ke6 Ng7+ {[%emt 00:00:35]} 1/2-1/2

[Event "Deutsche Ländermeisterschaft 2023"]
[Site "Hannover GER"]
[Date "2023.10.03"]
[Round "5"]
[White "Mader, Theresa"]
[Black "Rössling, Laura Marie"]
[Result "1-0"]
[Termination "normal"]
[Board "5.8"]
[WhiteElo "1284"]
[BlackElo "1285"]
[WhiteClock "00:24:07"]
[BlackClock "00:13:50"]
[WhiteTeam "Rheinland-Pfalz"]
[BlackTeam "Sachsen-Anhalt"]
[PlyCount "83"]
[WhiteFideId "34605657"]
[BlackFideId "16289471"]
[EventCountry "GER"]
[EventRounds "7"]
[EventType "team-swiss"]
[EventDate "2023.09.30"]

1. d4 {[%clk 01:30:59]} {[%emt 00:00:02]} d5 {[%clk 01:30:48]} {[%emt
00:00:12]} 2. c4 {[%clk 01:31:22]} {[%emt 00:00:07]} e6 {[%clk 01:31:05]}
{[%emt 00:00:12]} 3. Nc3 {[%clk 01:31:38]} {[%emt 00:00:14]} Nf6 {[%clk
01:31:09]} {[%emt 00:00:25]} 4. Bf4 {[%clk 01:31:48]} {[%emt 00:00:21]} Bd6
{[%clk 01:25:44]} {[%emt 00:05:53]} 5. Bxd6 {[%clk 01:30:41]} {[%emt 00:01:39]}
Qxd6 {[%clk 01:25:40]} {[%emt 00:00:32]} 6. e3 {[%clk 01:30:32]} {[%emt
00:00:40]} O-O {[%clk 01:25:13]} {[%emt 00:00:57]} 7. Nf3 {[%clk 01:30:01]}
{[%emt 00:01:02]} b6 {[%clk 01:22:33]} {[%emt 00:03:09]} 8. cxd5 {[%clk
01:28:49]} {[%emt 00:01:42]} exd5 {[%clk 01:22:03]} {[%emt 00:01:00]} 9. Bd3
{[%clk 01:28:13]} {[%emt 00:01:06]} Nc6 {[%clk 01:18:34]} {[%emt 00:03:59]} 10.
O-O {[%clk 01:26:20]} {[%emt 00:02:23]} h6 {[%clk 01:17:18]} {[%emt 00:01:45]}
11. Rc1 {[%clk 01:23:53]} {[%emt 00:02:59]} Nb4 {[%clk 01:16:25]} {[%emt
00:01:21]} 12. Bb1 {[%clk 01:22:08]} {[%emt 00:02:15]} Bd7 {[%clk 01:14:53]}
{[%emt 00:02:01]} 13. Ne5 {[%clk 01:18:25]} {[%emt 00:04:15]} Be8 {[%clk
01:13:52]} {[%emt 00:01:24]} 14. a3 {[%clk 01:15:31]} {[%emt 00:03:32]} Na6
{[%clk 01:07:25]} {[%emt 00:06:53]} 15. Qd3 {[%clk 01:10:22]} {[%emt 00:05:41]}
Nb8 {[%clk 01:04:45]} {[%emt 00:03:04]} 16. Ng4 {[%clk 01:04:09]} {[%emt
00:06:49]} g6 {[%clk 00:52:03]} {[%emt 00:13:12]} 17. Nxf6+ {[%clk 01:03:34]}
{[%emt 00:01:05]} Qxf6 {[%clk 00:51:36]} {[%emt 00:00:56]} 18. Nxd5 {[%clk
01:03:31]} {[%emt 00:00:34]} Qg5 {[%clk 00:51:34]} {[%emt 00:00:31]} 19. Nxc7
{[%clk 01:01:27]} {[%emt 00:02:35]} Bd7 {[%clk 00:50:22]} {[%emt 00:01:40]} 20.
g3 {[%clk 01:00:04]} {[%emt 00:01:54]} a6 {[%clk 00:49:02]} {[%emt 00:01:45]}
21. Nxa8 {[%clk 00:59:31]} {[%emt 00:01:08]} Bb5 {[%clk 00:48:51]} {[%emt
00:00:40]} 22. Qd1 {[%clk 00:59:17]} {[%emt 00:00:44]} Bxf1 {[%clk 00:48:27]}
{[%emt 00:00:54]} 23. Qxf1 {[%clk 00:59:24]} {[%emt 00:00:23]} Qf6 {[%clk
00:47:39]} {[%emt 00:01:12]} 24. Nc7 {[%clk 00:58:59]} {[%emt 00:01:01]} a5
{[%clk 00:44:13]} {[%emt 00:03:56]} 25. Nd5 {[%clk 00:57:19]} {[%emt 00:02:11]}
Qe6 {[%clk 00:36:32]} {[%emt 00:08:04]} 26. Nf4 {[%clk 00:55:44]} {[%emt
00:02:11]} Qf6 {[%clk 00:34:51]} {[%emt 00:02:06]} 27. Qd3 {[%clk 00:52:24]}
{[%emt 00:03:55]} Kh7 {[%clk 00:30:05]} {[%emt 00:04:53]} 28. h4 {[%clk
00:48:23]} {[%emt 00:04:54]} Rg8 {[%clk 00:28:56]} {[%emt 00:01:36]} 29. h5
{[%clk 00:42:05]} {[%emt 00:06:51]} Nd7 {[%clk 00:27:27]} {[%emt 00:01:55]} 30.
Ba2 {[%clk 00:37:23]} {[%emt 00:05:17]} Nf8 {[%clk 00:26:22]} {[%emt 00:01:25]}
31. Bb1 {[%clk 00:33:53]} {[%emt 00:04:10]} Kh8 {[%clk 00:25:55]} {[%emt
00:00:57]} 32. hxg6 {[%clk 00:29:18]} {[%emt 00:05:05]} fxg6 {[%clk 00:26:04]}
{[%emt 00:00:21]} 33. Qe4 {[%clk 00:26:55]} {[%emt 00:02:53]} Qg7 {[%clk
00:17:13]} {[%emt 00:09:17]} 34. Qe5 {[%clk 00:25:40]} {[%emt 00:01:48]} g5
{[%clk 00:14:58]} {[%emt 00:02:44]} 35. Qxg7+ {[%clk 00:25:27]} {[%emt
00:00:44]} Rxg7 {[%clk 00:15:11]} {[%emt 00:00:17]} 36. Rc8 {[%clk 00:23:52]}
{[%emt 00:02:05]} Rg8 {[%clk 00:14:48]} {[%emt 00:00:46]} 37. Ng6+ {[%clk
00:23:17]} {[%emt 00:01:12]} Nxg6 {[%clk 00:14:26]} {[%emt 00:00:52]} 38. Rxg8+
{[%clk 00:23:37]} {[%emt 00:00:10]} Kxg8 {[%clk 00:14:47]} {[%emt 00:00:09]}
39. Bxg6 {[%clk 00:23:56]} {[%emt 00:00:11]} Kg7 {[%clk 00:15:06]} {[%emt
00:00:09]} 40. Bc2 {[%clk 00:23:57]} {[%emt 00:00:31]} Kf6 {[%clk 00:14:05]}
{[%emt 00:01:30]} 41. e4 {[%clk 00:24:07]} {[%emt 00:00:21]} Ke6 {[%clk
00:13:50]} {[%emt 00:00:39]} 42. f4 {[%clk 00:24:07]} {[%emt 00:00:36]} 1-0